Feminist critical policy : analysis : a perspective from primary and secondary schooling
Αποθηκεύτηκε σε:
| Άλλοι συγγραφείς: | |
|---|---|
| Μορφή: | Βιβλίο |
| Γλώσσα: | English |
| Δημοσίευση: |
London :
The Falmer Press,
1997
|
| Σειρά: | Education Policy Perspectives
|
| Θέματα: | |
| Ετικέτες: |
Προσθήκη ετικέτας
Δεν υπάρχουν, Καταχωρήστε ετικέτα πρώτοι!
|
MARC
| LEADER | 00000nam a2200000 i 4500 | ||
|---|---|---|---|
| 001 | 1/92204 | ||
| 008 | 991111s1997 eng d | ||
| 020 | |a 0-7507-0635-x (v.1) | ||
| 020 | |a 0-7507-0655-4 (v.2) | ||
| 035 | |l 10053952 | ||
| 040 | |a GR-MY-UA |b gre |e aacr | ||
| 041 | 0 | |a eng | |
| 082 | 0 | |a 379 | |
| 245 | 1 | 0 | |a Feminist critical policy : |b analysis : a perspective from primary and secondary schooling / |c edited by Catherine Marshall |
| 260 | |a London : |b The Falmer Press, |c 1997 | ||
| 300 | |a 2 v. | ||
| 490 | 1 | |a Education Policy Perspectives | |
| 650 | 0 | 0 | |a Feminism and education. |
| 650 | 0 | 0 | |a Education and state. |
| 650 | 0 | 0 | |a Sex discrimination in education. |
| 700 | 1 | |a Marshall, Catherine. |4 edt | |
| 852 | |a INST |b RHODES |e 19991123 |h 379 FEM |p 005400012793 |q 005400012793 |t BK |y 0 |z v.2 | ||
| 852 | |a INST |b RHODES |e 19991123 |h 379 FEM |p 005400012794 |q 005400012794 |t BK |y 0 |z v.1 | ||
| 852 | |a INST |b RHODES |e 19991111 |h 379 FEM |p 005400014305 |q 005400014305 |t BK |y 0 |z v.1 | ||
| 852 | |a INST |b RHODES |e 19991123 |h 379 FEM |p 005400012793 |q 005400012793 |t BK |v v.2: |y 0 |z v.2 | ||
| 852 | |a INST |b RHODES |e 19991123 |h 379 FEM |p 005400012794 |q 005400012794 |t BK |v v.1: |y 0 |z v.1 | ||
| 852 | |a INST |b RHODES |e 19991111 |h 379 FEM |p 005400014305 |q 005400014305 |t BK |v v.1: |y 0 |z v.1 | ||
| 853 | |a INST |b RHODES |h 379 FEM | ||
| 901 | |a BIBL4-1999-3 | ||
| 909 | |a Ρ |b 069339 | ||
| 909 | |a Ρ |b 070082 | ||
| 909 | |a Ρ |b 070081 | ||
| 922 | |a 4ΕΛΗ |b 199910 |c ΚΠΣ/154 |d LEADER BOOKS | ||
| 970 | |a ΚΟΥΛΑΚΙΟΤΗ |b ΛΙΤΣΑ |z 1999/11/11 | ||